000 nam a22 7a 4500
999 _c128338
_d128338
008 181009b xxu||||| |||| 00| 0 eng d
050 _aPR9364.9.F76 1988
245 _aFrom South Africa
_bnew writing, photographs, and art
_cEdited by David Bunn and Jane Taylor with Reginald Gibbons and Sterling Plumpp
260 _aChicago
_bThe University of Chicago Press
_c1988
300 _a500p. ;
_c23cm.
650 _aSouth African literature (English)
_y20th century
_942820
942 _2lcc
_cMONOGRAPH